| 000 | 00694nam a2200241 a 4500 | ||
|---|---|---|---|
| 003 | AR-BaBNM | ||
| 005 | 20251128204608.0 | ||
| 008 | 082120s2002 ||||||||||||||000 | spa|| | ||
| 020 | _a950-25-17 | ||
| 040 | _cAR-BaBNM | ||
| 100 | 1 | _aMontes, Graciela | |
| 245 | 0 | 0 |
_aHistorias de la biblia _bSalomón, el juez más justo |
| 260 |
_aBuenos Aires _bCentro Editor de América Latina _c1991 |
||
| 300 |
_a30 p. _bil. |
||
| 490 | 0 |
_aLos libritos del Centro Editor. Verde _vv. 16 |
|
| 650 | 4 | _aLITERATURA INFANTIL | |
| 650 | 4 | _aHISTORIA DE LAS RELIGIONES | |
| 653 | _aADAPTACIONES LITERARIAS | ||
| 655 | _aLITERATURA | ||
| 700 | 1 |
_aRojas, Oscar _eilustrador |
|
| 942 | _cBK | ||
| 998 | _cLAURA | ||
| 999 |
_c8062 _d8062 |
||